| 000 | 00608nam a2200217Ia 4500 | ||
|---|---|---|---|
| 003 | IN-BaIIA | ||
| 008 | 211028s9999 xx 000 0 eng d | ||
| 020 | _a0-89599-006-7 | ||
| 040 | _cIIA Library | ||
| 080 |
_a523.9 _bSMI |
||
| 110 |
_aSmithsonian Exposition Books _912315 |
||
| 245 | 0 |
_aFire of life _cSmithsonian Exposition Books |
|
| 250 | _a1st ed. | ||
| 260 |
_aNew York _bW. W Norton _c1981 |
||
| 300 | _a262p. | ||
| 650 | _aAstronomy and astrophysics thesaurus | ||
| 650 |
_aSolar energy _93295 |
||
| 650 | _aSolar physics | ||
| 650 |
_aSun _91200 |
||
| 942 | _cBK | ||
| 999 |
_c7181 _d7181 |
||